Κινητή τηλεφωνία
Αποθηκεύτηκε σε:
| Κύριος συγγραφέας: | |
|---|---|
| Άλλοι συγγραφείς: | |
| Μορφή: | Βιβλίο |
| Γλώσσα: | Greek |
| Δημοσίευση: |
Αθήνα :
Παπασωτηρίου,
1997.
|
| Θέματα: | |
| Ετικέτες: |
Προσθήκη ετικέτας
Δεν υπάρχουν, Καταχωρήστε ετικέτα πρώτοι!
|
MARC
| LEADER | 00000cam a2200000 i 4500 | ||
|---|---|---|---|
| 001 | 1/59253 | ||
| 008 | 020305s1997 gr | ||| |||| ||gre|| | ||
| 020 | |a 9607510437 | ||
| 035 | |l 10000470 | ||
| 040 | |a GR-MyUA |b gre |e AACR2 | ||
| 041 | 0 | |a gre | |
| 082 | 0 | |a 621.38456 | |
| 100 | 1 | |a Κωτσόπουλος, Σταύρος. | |
| 245 | 1 | 0 | |a Κινητή τηλεφωνία / |c Σ. Κωτσόπουλος, Γ. Καραγιαννίδης. |
| 260 | |a Αθήνα : |b Παπασωτηρίου, |c 1997. | ||
| 300 | |a xx, 397 σ. : |b σχέδια., πίν. ; |c 25 εκ. | ||
| 504 | |a Περιλαμβάνει βιβλιογραφικές αναφορές και ευρετήριο. | ||
| 650 | 0 | 0 | |a Cellular telephone systems. |
| 650 | 0 | 0 | |a Cellular telephones. |
| 650 | 0 | 0 | |a Telecommunication. |
| 700 | 1 | |a Καραγιαννίδης, Γεώργιος Κ. | |
| 852 | |a INST |b SAMOS |e 20020305 |h 621.38456 ΚΩΤ |p 005300020245 |q 005300020245 |t BK |y 0 | ||
| 852 | |a INST |b SAMOS |e 20020305 |h 621.38456 ΚΩΤ |p 005300020249 |q 005300020249 |t BK |y 0 | ||
| 852 | |a INST |b SAMOS |e 20020305 |h 621.38456 ΚΩΤ |p 005300020250 |q 005300020250 |t BK |y 0 | ||
| 852 | |a INST |b SAMOS |e 20020305 |h 621.38456 ΚΩΤ |p 005300020290 |q 005300020290 |t BK |y 0 | ||
| 852 | |a INST |b SAMOS |e 20020305 |h 621.38456 ΚΩΤ |p 005300020302 |q 005300020302 |t BK |y 0 | ||
| 901 | |a BIBL3-2002-1 | ||
| 909 | |a Σ |b 087318 | ||
| 909 | |a Σ |b 087298 | ||
| 909 | |a Σ |b 087351 | ||
| 909 | |a Σ |b 087352 | ||
| 909 | |a Σ |b 087356 | ||
| 970 | |a ΜΑΛΑΓΑΡΗ |b ΦΩΤΕΙΝΗ |z 2002/03/05 | ||